|
|
|
|
| LEADER |
00000nam0a2200000 4500 |
| 001 |
224633 |
| 005 |
20231101230614.0 |
| 010 |
|
|
|a 9785160056418
|
| 035 |
|
|
|a (RuTPU)RU\TPU\book\244952
|
| 090 |
|
|
|a 224633
|
| 100 |
|
|
|a 20121029d2013 m y0rusy50 ca
|
| 101 |
0 |
|
|a rus
|
| 102 |
|
|
|a RU
|
| 105 |
|
|
|a y j 000zy
|
| 200 |
1 |
|
|a Опыт менеджера
|e учебное пособие для вузов
|f К. Ховард, Э. Коротков
|
| 210 |
|
|
|a Москва
|c Инфра-М
|d 2013
|
| 215 |
|
|
|a 223 с.
|
| 225 |
1 |
|
|a Высшее образование
|
| 330 |
|
|
|a В учебном пособии раскрывается содержание современной концепции менеджмента как типа управления, присущего рыночной экономике, развивающейся в условиях возрастания роли человеческого фактора, процессов информационно-компьютерных технологий и глобализации коммуникаций. Пособие является результатом совместной интеллектуальной деятельности американского и российского специалистов. Оно отражает общие подходы к пониманию проблем менеджмента, одинаковые акценты на таких факторах, как цель, ответственность, этика менеджмента, необходимость развития искусства менеджмента и др. В пособии можно увидеть разнообразие в подходах к проблематике менеджмента: инструктивный информационный, фундаментальный, проблемный и др. Учебное пособие соответствует требованиям Государственного образовательного стандарта и может быть успешно использовано в освоении концепции менеджмента студентами и слушателями высших учебных заведений, а также предпринимателями и практическими менеджерами, самостоятельно осваивающими азы менеджмента.
|
| 606 |
1 |
|
|a Менеджмент
|2 stltpush
|3 (RuTPU)RU\TPU\subj\42098
|9 61850
|
| 610 |
1 |
|
|a цели
|
| 610 |
1 |
|
|a функции
|
| 610 |
1 |
|
|a планирование
|
| 610 |
1 |
|
|a полномочия
|
| 610 |
1 |
|
|a производственный менеджмент
|
| 610 |
1 |
|
|a информационное обеспечение
|
| 610 |
1 |
|
|a управленческие решения
|
| 610 |
1 |
|
|a глобальная среда
|
| 610 |
1 |
|
|a менеджеры
|
| 610 |
1 |
|
|a лидерство
|
| 610 |
1 |
|
|a искусство
|
| 610 |
1 |
|
|a персонал
|
| 610 |
1 |
|
|a этика
|
| 610 |
1 |
|
|a дисциплина
|
| 610 |
1 |
|
|a человеческий капитал
|
| 610 |
1 |
|
|a знания
|
| 610 |
1 |
|
|a деловая репутация
|
| 610 |
1 |
|
|a креативный менеджмент
|
| 610 |
1 |
|
|a учебные пособия
|
| 686 |
|
|
|a У9(2)212я73
|v LBC/SL-A
|2 rubbk
|
| 700 |
|
1 |
|a Ховард
|b К.
|g Кен
|
| 701 |
|
1 |
|a Коротков
|b Э.
|g Эдуард
|
| 801 |
|
1 |
|a RU
|b 63413507
|c 20121029
|
| 801 |
|
2 |
|a RU
|b 63413507
|c 20150519
|g RCR
|
| 900 |
|
|
|a Менеджмент
|
| 942 |
|
|
|c BK
|
| 955 |
|
|
|l 8
|
| 959 |
|
|
|a 140/20121029
|d 2
|e 239,90
|f ЧЗГЛ:1
|f АНЛ:1
|